000 00405pab a2200169 454500
008 180718b2010 xxu||||| |||| 00| 0 eng d
100 _aTyagi, R.C.
245 _aRoad development strategy for Uttar Pradesh
260 _c2010
300 _ap.49-66.
362 _aMar
650 _aRoads - India - Uttar Pradesh
650 _aRoads
773 _aMan and Development
908 _aN
909 _a86423
999 _c86423
_d86423